Catalog

Record Details

Catalog Search



Roohi and Nate are not on the same page / by ... Read More

Kelkar, Supriya, 1980-(author., Author, Author).
Lerner, Jarrett,(author., Added Author).

Available copies

  • 2 of 2 copies available at LARL/NWRL Consortium. (Show)
  • 2 of 2 copies available at Lake Agassiz Regional Library.

Current holds

0 current holds with 2 total copies.

Show Only Available Copies
Location Call Number / Copy Notes Barcode Shelving Location Status Due Date
Mahnomen Public Library J KEL (Text) 33500014354203 New Available -
McIntosh Public Library J KEL (Text) 33500014354237 New Available -

Record details

  • ISBN: 9781419778735
  • ISBN: 1419778730
  • ISBN: 9781419778742
  • ISBN: 1419778749
  • Physical Description: 297 pages : illustrations ; 21 cm
  • Publisher: New York : Amulet Books, 2026.

Content descriptions

Summary, etc.:
Roohi and Nate join a reading club at their school ... Read More
"Roohi and Nate are not friends. Their paths have ... Read More
Target Audience Note:
Ages 8 to 12 Amulet Books.
Subject: Books and reading > Juvenile fiction.
Friendship > Juvenile fiction.
Book clubs (Discussion groups) > Juvenile fiction.
School librarians > Juvenile fiction.
Libraries > Juvenile fiction.
Middle schools > Juvenile fiction.
Books and reading > Fiction.
Friendship > Fiction.
Book clubs (Discussion groups) > Fiction.
School librarians > Fiction.
Libraries > Fiction.
Middle schools > Fiction.
Schools > Fiction.
Friendship.
Book clubs (Discussion groups)
Libraries.
Middle schools.
Schools.
JUVENILE FICTION / Social Themes / Friendship.
JUVENILE FICTION / Social Themes / New Experience.
Genre: School fiction.
Novels.
LDR 05244cam a22008778i 4500
001478998
003LARL_NWRL_CONSORTIUM
00520260326210546.0
008260130s2026 nyua c 000 1 eng
007ta
010 . ‡a 2026002040
040 . ‡aDLC ‡beng ‡erda ‡cDLC ‡dIG# ‡dCHILD ‡dTOH ‡dYDX ‡dJRZ ‡dOCLCO ‡dJCX ‡dJAS ‡dOCLCO ‡dBKL
020 . ‡a9781419778735 ‡qhardcover
020 . ‡a1419778730 ‡qhardcover
020 . ‡a9781419778742 ‡qpaperback
020 . ‡a1419778749 ‡qpaperback
020 . ‡z9798887075112 ‡qebook
035 . ‡a(OCoLC)1534515291
042 . ‡apcc
08204. ‡a813.6 ‡223
08214. ‡a[Fic] ‡223
084 . ‡aJUV039060 ‡2bisacsh
084 . ‡aJUV039090 ‡2bisacsh
1001 . ‡aKelkar, Supriya, ‡d1980- ‡eauthor. ‡4aut ‡4http://id.loc.gov/vocabulary/relators/aut ‡1https://id.oclc.org/worldcat/entity/E39PCjwhxPqrkPW9ybBHBdwYdP ‡1http://id.loc.gov/rwo/agents/no2017121053 ‡0(LARL_NWRL_CONSORTIUM)224932
24510. ‡aRoohi and Nate are not on the same page / ‡cby Supriya Kelkar and Jarrett Lerner.
264 1. ‡aNew York : ‡bAmulet Books, ‡c2026.
300 . ‡a297 pages : ‡billustrations ; ‡c21 cm
334 . ‡asingle unit ‡bmono ‡0http://id.loc.gov/vocabulary/issuance/mono
336 . ‡atext ‡btxt ‡2rdacontent ‡0http://id.loc.gov/vocabulary/contentTypes/txt
337 . ‡aunmediated ‡bn ‡2rdamedia ‡0http://id.loc.gov/vocabulary/mediaTypes/n
338 . ‡avolume ‡bnc ‡2rdacarrier ‡0http://id.loc.gov/vocabulary/carriers/nc
385 . ‡mAge group ‡nage ‡aPreteens ‡2lcdgt ‡0http://id.loc.gov/authorities/demographicTerms/dg2015060394
520 . ‡aRoohi and Nate join a reading club at their school library where they form a strong friendship despite their differences, but their bond is put to the test when the library faces budget cuts.
520 . ‡a"Roohi and Nate are not friends. Their paths have crossed a handful of times over the years -- and the outcome has never been good. Nate thinks Roohi is a snobby know-it-all, and Roohi thinks Nate is nothing but a slacker. But that begins to change when they both somewhat reluctantly join a reading club that meets during lunch at their school library. Despite their differences, and maybe because of them Roohi and Nate form a friendship unlike any other they've ever had, with each other and with the other kids in the Lunch Bunch. When they learn that their beloved librarian's job may be in danger due to budget cuts, they all band together to find a solution ... which proves to be easier said than done. Can Roohi and Nate's new friendship survive outside of the Lunch Bunch in order to save the place that brought them together?"-- ‡cback cover
521 . ‡aAges 8 to 12 ‡bAmulet Books.
650 0. ‡aBooks and reading ‡vJuvenile fiction. ‡0(LARL_NWRL_CONSORTIUM)170937
650 0. ‡aFriendship ‡vJuvenile fiction. ‡0(LARL_NWRL_CONSORTIUM)164914
650 0. ‡aBook clubs (Discussion groups) ‡vJuvenile fiction.
650 0. ‡aSchool librarians ‡vJuvenile fiction.
650 0. ‡aLibraries ‡vJuvenile fiction. ‡0(LARL_NWRL_CONSORTIUM)172748
650 0. ‡aMiddle schools ‡vJuvenile fiction. ‡0(LARL_NWRL_CONSORTIUM)173367
650 1. ‡aBooks and reading ‡vFiction. ‡0(LARL_NWRL_CONSORTIUM)163741
650 1. ‡aFriendship ‡vFiction. ‡0(LARL_NWRL_CONSORTIUM)164944
650 1. ‡aBook clubs (Discussion groups) ‡vFiction. ‡0(LARL_NWRL_CONSORTIUM)171044
650 1. ‡aSchool librarians ‡vFiction.
650 1. ‡aLibraries ‡vFiction. ‡0(LARL_NWRL_CONSORTIUM)172744
650 1. ‡aMiddle schools ‡vFiction.
650 1. ‡aSchools ‡vFiction. ‡0(LARL_NWRL_CONSORTIUM)167222
650 1. ‡aFriendship. ‡0(LARL_NWRL_CONSORTIUM)20818
650 1. ‡aBook clubs (Discussion groups) ‡0(LARL_NWRL_CONSORTIUM)42728
650 1. ‡aLibraries. ‡0(LARL_NWRL_CONSORTIUM)24478
650 1. ‡aMiddle schools. ‡0(LARL_NWRL_CONSORTIUM)25707
650 1. ‡aSchools. ‡0(LARL_NWRL_CONSORTIUM)30355
650 7. ‡aJUVENILE FICTION / Social Themes / Friendship. ‡2bisacsh
650 7. ‡aJUVENILE FICTION / Social Themes / New Experience. ‡2bisacsh
655 7. ‡aSchool fiction. ‡2lcgft
655 7. ‡aNovels. ‡2lcgft
7001 . ‡aLerner, Jarrett, ‡eauthor. ‡4http://id.loc.gov/vocabulary/relators/aut ‡1https://id.oclc.org/worldcat/entity/E39PCjC99pYVqdmxQ7Pp8Vqt4y ‡1http://id.loc.gov/rwo/agents/no2017118294
758 . ‡1http://id.loc.gov/resources/instances/in00024429345
758 . ‡4http://id.loc.gov/ontologies/bibframe/instanceOf ‡1http://id.loc.gov/resources/works/in00024429345
884 . ‡aDLC bibframe2marc v3.1-dev ‡g20260302 ‡qDLC ‡uhttps://github.com/lcnetdev/bibframe2marc/tree/v3.1-dev
901 . ‡a478998 ‡bOCoLC ‡c478998 ‡tbiblio ‡soclc

Additional Resources